[Event "Tourn. n8520"]
[Site "www.chess-mail.com"]
[Date "2016.02.14"]
[Round "1"]
[White "Gatrooper"]
[Black "Jjmcbride"]
[WhiteElo "1580"]
[BlackElo "1600"]
[Result "0-1"]
[Round "1"]
1.e4 e5
2.a3 d6
3.h3 Ng8f6
4.Nb1c3 d5
5.exd5 Nf6xd5
6.Ng1f3 Nd5xc3
7.dxc3 Qd8xd1
8.Kxd1 e4
9.Nf3e5 Bc8e6
10.f4 Bf8d6
11.Ne5g4 O-O
12.g3 Rf8d8
13.Bf1g2 Bd6xf4
14.Ke2 Be6c4
15.Kf2 Bf4d6
16.Bg2xe4 c6
17.Bc1e3 Bc4e6
18.Ra1d1 Nb8a6
19.Be3f4 Bd6xf4
20.gxf4 f5
21.Rd1xd8 Ra8xd8
22.Be4xf5 Be6xf5
23.Ng4e3 Bf5e4
24.Rh1g1 Na6c5
25.b4 Nc5e6
26.f5 Ne6f4
27.Kg3 Nf4e2
28.Kf2 Ne2xg1
29.Kxg1 Rd8d2
30.Kf1 b5
31.h4 Be4xc2
32.Ke1 Rd2h2
33.h5 Bc2b3
34.Ne3g4 Rh2xh5
35.Ng4e3 Rh5g5
36.Ke2 h5
37.Kf3 h4
38.Kf4 Rg5g3
39.Ne3f1 Rg3g1
40.Nf1e3 h3
41.Ne3g4 Bb3d1
42.Ng4h2 Rg1g2
43.Nh2f3 Bd1xf3
44.Kxf3 Rg2c2
45.Ke4 Rc2xc3
46.Ke5 h2
47.f6 gxf6
48.Kxf6 h1Q
49.Ke5 Rc3d3
50.Ke6 Qh1d5
51.Kf6 Kf8
52.a4 Rd3f3
53.Kg6 Qd5f5
54.Kh6 Rf3h3
{ resign }
0-1

[Event "Tourn. n8536"]
[Site "www.chess-mail.com"]
[Date "2016.02.14"]
[Round "1"]
[White "Julian"]
[Black "Cardiff"]
[WhiteElo "1970"]
[BlackElo "1970"]
[Result "1-0"]
[Round "1"]
1.e4 c5
2.Ng1f3 d6
3.c3 Ng8f6
4.e5 dxe5
5.Nf3xe5 Qd8d5
6.d4 cxd4
7.cxd4 e6
8.Nb1c3 Qd5d8
9.Bf1b5 Bc8d7
10.Ne5xd7 Nb8xd7
11.O-O Bf8e7
12.Bc1f4 O-O
13.Rf1e1 a6
14.Bb5d3 Ra8c8
15.Ra1c1 Nd7b6
16.Bf4e5 Nb6d5
17.Nc3xd5 Qd8xd5
18.Qd1a4 Qd5d7
19.Qa4b3 b5
20.Qb3d1 Rc8xc1
21.Qd1xc1 Rf8c8
22.Qc1g5 h6
23.Qg5g3 Rc8d8
24.f4 Qd7d5
25.f5 exf5
26.Bd3xf5  { time }
1-0

[Event "Tourn. n8493"]
[Site "www.chess-mail.com"]
[Date "2016.02.14"]
[Round "1"]
[White "Genius7"]
[Black "Julian"]
[WhiteElo "1950"]
[BlackElo "1880"]
[Result "0-1"]
[Round "1"]
1.e4 c5
2.Ng1f3 d6
3.d4 cxd4
4.Nf3xd4 Ng8f6
5.Nb1c3 a6
6.g3 e5
7.Nd4b3 Bc8e6
8.Bf1g2 Nb8d7
9.O-O Ra8c8
10.Nc3d5 Be6xd5
11.exd5 b5
12.c3 Nd7c5
13.Bc1e3 Nc5xb3
14.Qd1xb3 Bf8e7
15.a4 O-O
16.axb5 axb5
17.Qb3xb5 Nf6g4
18.Qb5b6 Ng4xe3
19.Qb6xe3 Be7g5
20.Qe3d3 f5
21.f4 e4
22.Qd3d2 Bg5f6
23.g4 g6
24.gxf5 gxf5
25.Kh1 Kh8
26.Bg2h3 Qd8d7
27.Rf1g1 Rf8g8
28.Rg1xg8 Rc8xg8
29.Ra1g1 Rg8xg1
30.Kxg1 Qd7g7
31.Qd2g2 Qg7a7
32.Qg2f2 Qa7g7
33.Qf2g3 Qg7a7
34.Qg3f2 Qa7g7
35.Kf1 Qg7h6
36.Bh3xf5 Bf6h4
37.Qf2e3 Bh4f6
38.Qe3xe4 Qh6h5
39.Kg2 Kg7
40.Bf5e6 Qh5g6
41.Qe4xg6 hxg6
42.Kf3 Kf8
43.h3 Ke7
 { time }
0-1

[Event "Match"]
[Site "www.echecsemail.com"]
[Date "2016.02.14"]
[Round "1"]
[White "Cardiff"]
[Black "Wwgia"]
[WhiteElo "1940"]
[BlackElo "2170"]
[Result "0-1"]
[Round "1"]
1.c4 Ng8f6
2.Nb1c3 e5
3.Ng1f3 Nb8c6
4.d4 exd4
5.Nf3xd4 Bf8c5
6.e3 O-O
7.Bf1e2 d6
8.O-O Rf8e8
9.Be2f3 Nc6e5
10.Bf3e2 Bc8d7
11.b3 a5
12.Bc1b2 Bd7c6
13.Nd4xc6 bxc6
14.Be2f3 Qd8e7
15.Bf3e2 Qe7e6
16.Nc3a4 Bc5a7
17.Ra1c1 Nf6e4
18.Bb2xe5 Qe6xe5
19.Be2f3 Re8e6
20.Bf3xe4 Qe5xe4
21.Na4c3 Qe4e5
 { time }
0-1

[Event "Match"]
[Site "www.echecsemail.com"]
[Date "2016.02.14"]
[Round "1"]
[White "Crush"]
[Black "Biggles"]
[WhiteElo "1650"]
[BlackElo "1499"]
[Result "0-1"]
[Round "1"]
1.e4 e5
2.Ng1f3 Nb8c6
3.Nb1c3 Ng8f6
4.Bf1d3 Bf8c5
5.Bd3c4 O-O
6.d3 d6
7.Bc1g5 h6
8.Bg5e3 Nc6d4
9.Be3d2 Bc8g4
10.h3 Bg4xf3
11.gxf3 Nf6h5
12.f4 Qd8h4
13.fxe5 Nd4xc2
14.Qd1xc2 Qh4xf2
15.Kd1 Qf2f3
16.Kc1 Qf3xh1
17.Nc3d1 dxe5
18.Kb1 Qh1xh3
19.Qc2c3 Bc5d4
20.Qc3b4 Nh5f4
21.a4 Nf4xd3
22.Qb4xb7 Ra8b8
23.Qb7xc7 Nd3xb2
24.Nd1xb2 Rb8xb2
25.Kc1 Qh3h1
26.Bd2e1 Qh1xe1

0-1

[Event "Match"]
[Site "www.echecsemail.com"]
[Date "2016.02.14"]
[Round "1"]
[White "Mchess"]
[Black "Attatroll"]
[WhiteElo "1690"]
[BlackElo "1910"]
[Result "0-1"]
[Round "1"]
1.d4 f5
2.g3 Ng8f6
3.Bf1g2 c6
4.c4 g6
5.Ng1f3 Bf8g7
6.O-O O-O
7.Nb1c3 d6
8.Qd1c2 Nb8d7
9.e4 Nf6xe4
10.Nc3xe4 fxe4
11.Qc2xe4 Nd7f6
12.Qe4c2 Bc8f5
13.Qc2b3 Qd8b6
14.Qb3xb6 axb6
15.Rf1e1 Nf6e4
16.Bc1e3 Ra8a4
17.Re1c1 Rf8a8
18.a3 c5
19.h3 cxd4
20.Nf3xd4 d5
21.Nd4xf5 gxf5
22.cxd5 Bg7xb2
 { time }
0-1

[Event "Match"]
[Site "www.echecsemail.com"]
[Date "2016.02.14"]
[Round "1"]
[White "Cheminet"]
[Black "Fangshuo"]
[WhiteElo "1840"]
[BlackElo "2100"]
[Result "1-0"]
[Round "1"]
1.d4 d5
2.Bc1f4 e6
3.Ng1f3 c5
4.e3 Nb8c6
5.Nb1c3 Qd8b6
6.Nc3b5 Nc6a5
7.Nb5c7 Kd7
8.Nc7xa8 Qb6b4
9.Nf3d2 cxd4
10.c3 dxc3
11.bxc3 Qb4xc3
12.Bf1b5 Na5c6
13.O-O g5
14.Nd2e4 Qc3b4
15.Ne4xg5 Ng8f6
16.Ng5xf7 Rh8g8
17.Nf7e5 Ke7
18.Bb5xc6 Qb4e4
19.f3 Qe4f5
20.Bc6b5 Nf6d7
21.Bb5xd7 Bc8xd7
22.Bf4g3 Bf8g7
23.Ne5xd7 Rg8xa8
24.Nd7c5 Bg7xa1
25.Qd1xa1 b6
26.Qa1g7 Qf5f7
27.Bg3h4 Ke8
28.Qg7h8 Qf7f8
29.Qh8xf8 Kxf8
30.Nc5xe6 Kf7
31.Ne6d4 Ke8
32.e4 { resign }
1-0

[Event "Match"]
[Site "www.echecsemail.com"]
[Date "2016.02.14"]
[Round "1"]
[White "Coraza8091"]
[Black "Nugun"]
[WhiteElo "1710"]
[BlackElo "1610"]
[Result "1-0"]
[Round "1"]
1.e4 c6
2.Bf1c4 d5
3.exd5 cxd5
4.Bc4b5 Bc8d7
5.Qd1e2 e6
6.d4 Nb8c6
7.Ng1f3 Ng8f6
8.Bc1g5 a6
9.Bb5d3 Bf8d6
10.O-O Qd8c7
11.Bg5xf6 gxf6
12.Nb1c3 Rh8g8
13.g3 e5
14.dxe5 fxe5
15.Nc3xd5 Qc7d8
16.Bd3xh7 Rg8h8
17.Bh7e4 Qd8a5
18.Nd5f6 Ke7
19.Nf6d5 Kd8
20.Nf3g5 Bd7e6
21.Nd5f6 Kc7
22.Be4xc6 bxc6
23.Nf6e4 Be6d5
24.Ne4f6 Bd6e7
25.Qe2xe5 Kd8
26.Rf1d1 Be7xf6
27.Qe5d6 Kc8
28.Qd6xf6 Kb7
29.Qf6e7 Kb6
30.Qe7f6 Ra8f8
31.c4 Bd5xc4
32.b4 Qa5xb4
33.Rd1b1 a5
34.Rb1xb4 axb4
35.Qf6d4 Kb5
36.a4 Ka6
37.Qd4xc4 Kb6
38.Qc4xb4 Kc7
39.Qb4e7 Kb6
40.Ra1b1 Ka6
41.Qe7b7 Ka5
42.Qb7b6 Kxa4
43.Qb6b4 
1-0

[Event "Match"]
[Site "www.echecsemail.com"]
[Date "2016.02.14"]
[Round "1"]
[White "Cardiff"]
[Black "Fangshuo"]
[WhiteElo "2000"]
[BlackElo "2140"]
[Result "0-1"]
[Round "1"]
1.Ng1f3 d5
2.d4 c5
3.e3 Nb8c6
4.Bf1b5 Bc8d7
5.O-O e6
6.c3 c4
7.b3 Nc6a5
8.bxc4 Na5xc4
9.Qd1a4 Nc4b6
10.Bb5xd7 Nb6xd7
11.Nf3e5 Ng8f6
12.h3 Bf8e7
13.Bc1a3 O-O
14.Ne5xd7 Nf6xd7
15.Ba3xe7 Qd8xe7
16.Nb1d2 Nd7b6
17.Qa4b3 Ra8c8
18.Ra1c1 Nb6c4
19.Nd2xc4 Rc8xc4
20.e4 Qe7d7
21.exd5 Qd7xd5
22.Rf1e1 f6
23.Re1e3 b5
24.Rc1b1 a6
25.Rb1e1 Rf8e8
 { time }
0-1

[Event "Match"]
[Site "www.echecsemail.com"]
[Date "2016.02.14"]
[Round "1"]
[White "Ranjachess"]
[Black "Mchess"]
[WhiteElo "1740"]
[BlackElo "1690"]
[Result "1-0"]
[Round "1"]
1.d4 d5
2.Nb1c3 Ng8f6
3.Bc1f4 c6
4.e3 g6
5.Bf1d3 Bf8g7
6.h3 O-O
7.Ng1f3 Nb8d7
8.e4 dxe4
9.Bd3xe4 Nf6xe4
10.Nc3xe4 Nd7f6
11.Nf3g5 Nf6xe4
12.Ng5xe4 Qd8xd4
13.Qd1xd4 Bg7xd4
14.c3 Bd4g7
15.O-O-O Bc8e6
16.a4 Be6d5
17.f3 Bd5xe4
18.fxe4 Rf8d8
19.e5 e6
20.Bf4g5 Rd8xd1
21.Rh1xd1 Bg7xe5
22.Rd1d8 Ra8xd8
23.Bg5xd8 Kf8
24.g4 Ke8
25.Bd8g5 Kd7
26.Kd1 a6
27.Ke2  { time }
1-0

[Event "Match"]
[Site "www.echecsemail.com"]
[Date "2016.02.14"]
[Round "1"]
[White "Cardiff"]
[Black "Geodad5"]
[WhiteElo "2000"]
[BlackElo "2130"]
[Result "0-1"]
[Round "1"]
1.c4 Nb8c6
2.Nb1c3 e5
3.g3 d6
4.Bf1g2 Bc8d7
5.Ng1f3 Ng8f6
6.d3 Bf8e7
7.O-O O-O
8.Ra1b1 Ra8b8
9.b4 Qd8c8
10.b5 Nc6d8
11.a4 c6
12.Bc1b2 Nd8e6
13.Qd1d2 h6
14.e3 Nf6h7
15.Rf1e1 f5
16.h4 Nh7f6
17.Re1c1 f4
18.exf4 exf4
19.Nc3e4 Nf6xe4
20.dxe4 fxg3
21.fxg3 Qc8d8
22.Rc1e1 cxb5
 { time }
0-1

[Event "Match"]
[Site "www.echecsemail.com"]
[Date "2016.02.14"]
[Round "1"]
[White "Calponas"]
[Black "Cardiff"]
[WhiteElo "2110"]
[BlackElo "2000"]
[Result "1-0"]
[Round "1"]
1.e4 Ng8f6
2.e5 Nf6d5
3.d4 d6
4.Ng1f3 Bc8g4
5.Bf1e2 e6
6.O-O Nb8c6
7.c4 Nd5b6
8.exd6 cxd6
9.b3 Bf8e7
10.Bc1e3 O-O
11.Nb1c3 d5
12.c5 Nb6d7
13.b4 Nc6xb4
14.Ra1b1 a5
15.a3 Nb4c6
16.Rb1xb7 Qd8c8
17.Qd1b3 Ra8b8
18.Rf1b1  { time }
1-0

[Event "Match"]
[Site "www.echecsemail.com"]
[Date "2016.02.14"]
[Round "1"]
[White "Genius7"]
[Black "Geodad5"]
[WhiteElo "2150"]
[BlackElo "2170"]
[Result "0-1"]
[Round "1"]
1.d4 d5
2.Ng1f3 Ng8f6
3.c4 e6
4.cxd5 exd5
5.Nb1c3 Bf8e7
6.g3 O-O
7.Bf1g2 h6
8.Nf3e5 c6
9.O-O Bc8f5
10.Ne5d3 Nb8d7
11.a3 Qd8c7
12.Bc1f4 Be7d6
13.Bf4xd6 Qc7xd6
14.Ra1c1 Rf8e8
15.b4 Re8e7
16.Rf1e1 Ra8e8
17.e3 Nd7b6
18.Nd3e5 Nf6d7
19.Ne5xd7 Nb6xd7
20.Qd1b3 Nd7f8
21.a4 a6
22.b5 axb5
23.axb5 Nf8h7
24.bxc6 bxc6
25.Nc3a4 Re8b8
26.Qb3c3 Re7a7
 { time }
0-1

[Event "Match"]
[Site "www.echecsemail.com"]
[Date "2016.02.14"]
[Round "1"]
[White "Caspito"]
[Black "Duff"]
[WhiteElo "1730"]
[BlackElo "1920"]
[Result "0-1"]
[Round "1"]
1.e4 e5
2.Ng1f3 Nb8c6
3.Bf1c4 Bf8c5
4.c3 Ng8f6
5.d3 h6
6.O-O d6
7.b4 Bc5b6
8.a4 a6
9.Qd1b3 O-O
10.Nb1a3 Bc8g4
11.Qb3d1 d5
12.exd5 Nf6xd5
13.Bc1b2 Nd5f6
14.Qd1e2 Rf8e8
15.Qe2e3 Bb6xe3
16.fxe3 e4
17.Nf3h4 exd3
18.Nh4g6 Re8xe3
{ resign }
0-1

[Event "Match"]
[Site "www.echecsemail.com"]
[Date "2016.02.14"]
[Round "1"]
[White "Cardiff"]
[Black "Pellix84"]
[WhiteElo "1940"]
[BlackElo "2010"]
[Result "0-1"]
[Round "1"]
1.e3 Ng8f6
2.f4 g6
3.Ng1f3 Bf8g7
4.d4 c5
5.c3 b6
6.Bf1d3 Bc8b7
7.O-O O-O
8.Qd1e2 d6
9.Nb1d2 Nb8d7
10.Bd3a6 Qd8c7
11.Ba6xb7 Qc7xb7
12.Nd2b3 Nf6e4
13.Nb3d2 Nd7f6
14.Nd2xe4 Nf6xe4
15.Nf3d2 cxd4
16.exd4 Ne4xd2
17.Bc1xd2 Ra8e8
18.Ra1e1 e5
19.fxe5 dxe5
 { time }
0-1

[Event "Match"]
[Site "www.echecsemail.com"]
[Date "2016.02.14"]
[Round "1"]
[White "Ranjachess"]
[Black "Rindrandria"]
[WhiteElo "1700"]
[BlackElo "1570"]
[Result "1/2-1/2"]
[Round "1"]
1.d4 Nb8c6
2.d5 Nc6a5
3.Bc1d2 c5
4.e4 Ng8f6
5.Nb1c3 b5
6.Bf1xb5 Qd8b6
7.Qd1e2 a6
8.e5 Nf6g8
9.Nc3a4 Qb6b8
10.Bb5d3 Qb8c7
11.d6 Qc7b7
12.Bd2xa5 Qb7xg2
13.Bd3e4 Bc8b7
14.Be4xg2 Bb7xg2
15.Na4xc5 e6
16.Nc5xa6 Bf8e7
17.Na6c7 Kf8
18.dxe7 { draw }
1/2-1/2

[Event "Match"]
[Site "www.echecsemail.com"]
[Date "2016.02.14"]
[Round "1"]
[White "Cardiff"]
[Black "Stevep84"]
[WhiteElo "1950"]
[BlackElo "2170"]
[Result "0-1"]
[Round "1"]
1.e4 c6
2.d4 d5
3.exd5 cxd5
4.c4 Ng8f6
5.Nb1c3 Nb8c6
6.cxd5 Nf6xd5
7.Bf1b5 Nd5xc3
8.bxc3 Bc8d7
9.Qd1e2 a6
10.Bb5d3 g6
11.Ng1f3 Bf8g7
12.O-O O-O
13.Bc1f4 Qd8a5
14.Bf4d2 Bd7f5
15.Bd3xf5 Qa5xf5
16.Rf1e1 e6
17.a4 Ra8c8
18.Ra1b1 Rc8c7
19.h3 Nc6e7
 { time }
0-1

[Event "1/64 Finale"]
[Site "www.chess-mail.com"]
[Date "2016.02.14"]
[Round "1"]
[White "Genius7"]
[Black "Julian"]
[WhiteElo "2130"]
[BlackElo "1990"]
[Result "0-1"]
[Round "1"]
1.d4 Ng8f6
2.Bc1g5 e6
3.e4 Bf8e7
4.Bg5xf6 Be7xf6
5.Nb1c3 d6
6.Ng1f3 O-O
7.Bf1e2 Nb8c6
8.O-O e5
9.d5 Nc6e7
10.h3 g6
11.Qd1d2 Bc8d7
12.a4 c6
13.dxc6 bxc6
14.Qd2xd6 Bf6g7
15.Nf3xe5 Bd7e8
16.Qd6xd8 Ra8xd8
17.Ne5c4 f5
18.e5 Ne7d5
 { time }
0-1

[Event "1/128 Finale"]
[Site "www.chess-mail.com"]
[Date "2016.02.14"]
[Round "1"]
[White "Paul30"]
[Black "Cal"]
[WhiteElo "1499"]
[BlackElo "1630"]
[Result "1-0"]
[Round "1"]
1.d4 d5
2.c4 dxc4
3.e4 c6
4.Bf1xc4 e6
5.a3 b5
6.Bc4b3 h6
7.Ng1f3 Ng8f6
8.Nb1c3 Bc8a6
9.e5 Nf6h5
10.O-O Bf8e7
11.Rf1e1 O-O
12.Bb3c2 Nb8d7
13.g4 c5
14.gxh5 b4
15.axb4 cxb4
16.Ra1xa6 bxc3
17.bxc3 f6
18.Ra6xe6 fxe5
19.Nf3xe5 Be7h4
20.Re1e2 Nd7xe5
21.Re6xe5 Ra8c8
22.Qd1d3 Bh4f6
23.Qd3h7 Kf7
24.Bc2b3 { resign }
1-0

[Event "Eq:Team USA-Royal chess : "]
[Site "www.chess-mail.com"]
[Date "2016.02.14"]
[Round "1"]
[White "Olddog55"]
[Black "Badshahc"]
[WhiteElo "1600"]
[BlackElo "2059"]
[Result "0-1"]
[Round "1"]
1.d4 d6
2.e3 Ng8f6
3.Bf1d3 g6
4.Ng1f3 Bf8g7
5.Nb1c3 Bc8g4
6.Qd1d2 O-O
7.O-O Bg4xf3
8.gxf3 Nb8d7
9.f4 c5
10.f5 cxd4
11.exd4 Nf6h5
12.f4 Bg7xd4
13.Kh1 Qd8b6
14.Bd3e4 Nh5f6
15.Nc3a4 Nf6xe4
16.Qd2e2 Qb6a6
17.c4 Qa6xa4
18.Qe2xe4 Qa4xc4
19.Rf1d1 e5
20.Qe4xb7 Qc4e2
21.Bc1d2 Nd7c5
22.Qb7d5 Nc5e4
23.Rd1e1 Qe2f3

0-1

[Event "Tourn. n8620"]
[Site "www.chess-mail.com"]
[Date "2016.02.15"]
[Round "1"]
[White "Biggles"]
[Black "Gunnar"]
[WhiteElo "1499"]
[BlackElo "1520"]
[Result "1-0"]
[Round "1"]
1.e4 c5
2.Ng1f3 Nb8c6
3.d4 cxd4
4.Nf3xd4 e5
5.Nd4b5 d6
6.Nb1c3 a6
7.Nb5a3 b5
8.Nc3d5  { time }
1-0

[Event "Tourn. n8584"]
[Site "www.chess-mail.com"]
[Date "2016.02.15"]
[Round "1"]
[White "Tonino1"]
[Black "Genius7"]
[WhiteElo "2130"]
[BlackElo "2140"]
[Result "1-0"]
[Round "1"]
1.d4 c6
2.Ng1f3 d5
3.e3 Ng8f6
4.Bf1d3 Bc8g4
5.Nb1d2 e6
6.b3 Nb8d7
7.Bc1b2 Bf8d6
8.O-O O-O
9.c4 c5
10.h3 Bg4xf3
11.Nd2xf3 Qd8e7
12.Nf3e5 cxd4
13.exd4 Bd6a3
14.Bb2c3 Ba3b4
15.Bc3xb4  { time }
1-0

[Event "Tourn. n8563"]
[Site "www.chess-mail.com"]
[Date "2016.02.15"]
[Round "1"]
[White "Cardiff"]
[Black "Cathar"]
[WhiteElo "2000"]
[BlackElo "2270"]
[Result "0-1"]
[Round "1"]
1.d4 e6
2.e4 d5
3.exd5 exd5
4.Bf1d3 Nb8c6
5.c3 Bf8d6
6.Ng1f3 Ng8e7
7.O-O Bc8g4
8.h3 Bg4h5
9.Rf1e1 Qd8d7
10.Nb1d2 O-O-O
11.Qd1a4 Kb8
12.Bd3b5 a6
13.Bb5xc6 Ne7xc6
14.b4 Nc6xd4
15.Qa4xd7 Nd4xf3
16.Nd2xf3 Rd8xd7
17.Nf3d4 Bh5g6
18.Bc1e3 Rd7e7
19.a4 Rh8e8
20.Ra1d1 c6
 { time }
0-1

[Event "Tourn. n8609"]
[Site "www.chess-mail.com"]
[Date "2016.02.15"]
[Round "1"]
[White "Cardiff"]
[Black "Bojan"]
[WhiteElo "2030"]
[BlackElo "2060"]
[Result "0-1"]
[Round "1"]
1.d4 g6
2.g3 d5
3.Bf1g2 c6
4.Ng1f3 Bf8g7
5.O-O Ng8f6
6.Nf3e5 Nb8d7
7.Ne5xd7 Bc8xd7
8.Nb1d2 Qd8c7
 { time }
0-1

[Event "Tourn. n8594"]
[Site "www.chess-mail.com"]
[Date "2016.02.15"]
[Round "1"]
[White "Bojan"]
[Black "Comrade"]
[WhiteElo "2040"]
[BlackElo "2100"]
[Result "0-1"]
[Round "1"]
1.d4 d5
2.Ng1f3 Bc8f5
3.c4 e6
4.e3 Ng8f6
5.Qd1b3 b6
6.Nf3e5 Bf8d6
7.Nb1d2 O-O
8.Nd2f3 Nf6d7
9.Ne5xd7 Nb8xd7
10.Nf3h4 Qd8xh4
11.g3 Qh4e4
12.Rh1g1 Bf5g4
13.Bf1e2 f5
14.cxd5 exd5
15.Bc1d2 c5
16.dxc5 bxc5
17.Qb3d1 Bg4xe2
18.Qd1xe2 Ra8e8
19.f3 Qe4a4
20.b3 Qa4c6
21.Kf2 d4
22.Qe2c4 Kh8
23.exd4 Nd7b6
24.Qc4d3 Qc6d5
25.Rg1d1 cxd4
26.Ra1c1 Re8c8
27.Rc1xc8 Rf8xc8
28.Rd1e1 Nb6d7
29.Bd2c1 g6
30.Bc1b2 Bd6c5
31.Kg2 Nd7e5
32.Qd3d1 Rc8e8
33.Re1f1 Ne5g4
34.Kh3 Ng4e3
35.Qd1e2 f4
36.g4 Qd5g5
{ resign }
0-1

[Event "Tourn. n8592"]
[Site "www.chess-mail.com"]
[Date "2016.02.15"]
[Round "1"]
[White "Cardiff"]
[Black "Orhany24"]
[WhiteElo "2070"]
[BlackElo "2070"]
[Result "0-1"]
[Round "1"]
1.d3 d5
2.Ng1f3 Bc8f5
3.Nb1d2 Ng8f6
4.g3 e6
5.Bf1g2 c5
6.O-O Nb8c6
7.Nf3h4 Bf5g4
8.h3 Bg4h5
9.Nh4f3 Bf8d6
10.c4 O-O
11.b3 Ra8c8
12.Bc1b2 d4
13.Rf1e1 e5
 { time }
0-1

[Event "Tourn. n8472"]
[Site "www.chess-mail.com"]
[Date "2016.02.15"]
[Round "1"]
[White "Cardiff"]
[Black "Wegaman"]
[WhiteElo "1900"]
[BlackElo "1960"]
[Result "0-1"]
[Round "1"]
1.d4 d5
2.c4 e6
3.Nb1c3 Ng8f6
4.cxd5 exd5
5.Bc1g5 Bf8e7
6.e3 O-O
7.Bf1d3 Rf8e8
8.Ng1e2 c6
9.O-O Bc8e6
10.Ne2f4 Be6c8
11.Qd1c2 g6
12.Bg5xf6 Be7xf6
13.b4 Bf6g7
14.a4 a6
15.b5 axb5
16.axb5 Ra8xa1
17.Rf1xa1 Qd8c7
18.bxc6 bxc6
19.Nc3xd5 Qc7d6
20.Nd5b6 Bc8e6
21.Nf4xe6 Qd6xe6
22.Ra1a7 h5
23.h3 Qe6d6
24.Nb6c4 Qd6b4
25.g3 c5
26.dxc5 Nb8c6
27.Ra7a4 Qb4xc5
28.Qc2a2 Nc6e5
29.Nc4xe5 Qc5xe5
30.Ra4e4 Qe5b8
31.Re4xe8 Qb8xe8
32.Bd3xg6 Qe8e5
33.Qa2xf7 Kh8
 { time }
0-1

[Event "Tourn. n8537"]
[Site "www.chess-mail.com"]
[Date "2016.02.15"]
[Round "1"]
[White "Genius7"]
[Black "Raven16"]
[WhiteElo "2140"]
[BlackElo "2010"]
[Result "0-1"]
[Round "1"]
1.d4 Ng8f6
2.c4 g6
3.Nb1c3 Bf8g7
4.e4 d6
5.f4 O-O
6.Ng1f3 c5
7.d5 e6
8.Bf1e2 Rf8e8
9.O-O exd5
10.exd5 Nf6e4
11.Nc3xe4 Re8xe4
12.Be2d3 Re4e8
13.Rf1e1 Bc8g4
14.Re1xe8 Qd8xe8
15.h3 Bg4xf3
16.Qd1xf3 Qe8e1
17.Qf3f1 Qe1g3
18.Qf1e2 Bg7d4
19.Kh1 Nb8d7
20.Ra1b1 Nd7f6
21.Qe2f1 Ra8e8
22.Bc1d2 Bd4e3
23.Bd2xe3 Qg3xe3
24.Rb1d1 Nf6h5
 { time }
0-1

[Event "Tourn. n8589"]
[Site "www.chess-mail.com"]
[Date "2016.02.15"]
[Round "1"]
[White "Towerbridge"]
[Black "Cal"]
[WhiteElo "1560"]
[BlackElo "1540"]
[Result "0-1"]
[Round "1"]
1.d4 d5
2.c4 dxc4
3.e4 c6
4.Bf1xc4 e6
5.Ng1f3 h6
6.Nb1c3 Bf8b4
7.O-O Ng8f6
8.Qd1e2 Bc8d7
9.e5 Nf6h7
10.Nc3e4 O-O
11.a3 Bb4a5
12.Ne4d6 b5
13.Bc4d3 f6
14.Bd3xb5 cxb5
15.Nd6xb5 Bd7xb5
 { time }
0-1

[Event "Tourn. n8574"]
[Site "www.chess-mail.com"]
[Date "2016.02.15"]
[Round "1"]
[White "Passaroa25"]
[Black "Battlechess"]
[WhiteElo "1560"]
[BlackElo "1620"]
[Result "1-0"]
[Round "1"]
1.e4 e5
2.Ng1e2 Nb8c6
3.c3 d5
4.Ne2g3 Ng8f6
5.f3 dxe4
6.Bf1e2 exf3
7.gxf3 Bf8c5
8.Ng3f1 O-O
9.Nf1e3 Bc5xe3
10.dxe3 Qd8e7
11.O-O Rf8d8
12.Nb1d2 a6
13.Qd1e1 Bc8e6
14.Rf1f2 Rd8d7
15.Be2c4  { time }
1-0

[Event "Tourn. n8585"]
[Site "www.chess-mail.com"]
[Date "2016.02.15"]
[Round "1"]
[White "Leeds"]
[Black "Duff"]
[WhiteElo "1810"]
[BlackElo "1810"]
[Result "0-1"]
[Round "1"]
1.d4 Ng8f6
2.Ng1f3 d5
3.c4 e6
4.cxd5 Nf6xd5
5.e4 Nd5b6
6.Nb1c3 Bf8b4
7.Bc1d2 Nb8c6
8.a3 Bb4e7
9.Bf1e2 Nc6xd4
10.Nf3xd4 Qd8xd4
11.O-O O-O
12.Bd2e3 Qd4xd1
13.Rf1xd1 Nb6d7
14.Ra1c1 Be7f6
15.f3 Nd7b6
16.Be3xb6 cxb6
17.b4 e5
 { time }
0-1

[Event "Tourn. n8588"]
[Site "www.chess-mail.com"]
[Date "2016.02.15"]
[Round "1"]
[White "Comrade"]
[Black "Leeds"]
[WhiteElo "2100"]
[BlackElo "1810"]
[Result "1-0"]
[Round "1"]
1.c4 c6
2.e4 d6
3.d4 Ng8f6
4.Nb1c3 g6
5.Ng1f3 Bf8g7
6.Bf1e2 O-O
7.Bc1f4 a6
8.O-O b5
9.cxb5 axb5
10.b4 Bc8b7
11.Qd1c2  { time }
1-0

[Event "Tourn. n8557"]
[Site "www.chess-mail.com"]
[Date "2016.02.15"]
[Round "1"]
[White "Bojan"]
[Black "Cardiff"]
[WhiteElo "2080"]
[BlackElo "2000"]
[Result "1-0"]
[Round "1"]
1.d4 f5
2.c4 Ng8f6
3.e3 e6
4.a3 d5
5.c5 b6
6.b4 a5
7.Bc1b2 axb4
8.axb4 Ra8xa1
9.Bb2xa1 Bf8e7
10.Ng1f3 O-O
11.Nf3e5 Nf6e4
12.Nb1d2 Be7f6
13.f3 Ne4xd2
14.Qd1xd2 Bf6xe5
15.dxe5 bxc5
16.bxc5 c6
17.Bf1d3 Nb8d7
18.Ba1d4 Qd8c7
19.O-O Bc8b7
20.Rf1a1 Rf8a8
21.Ra1b1 Bb7a6
22.Rb1a1 Qc7b7
23.Qd2a5 Nd7b8
24.Bd3c2 h6
25.Qa5d8 Kh7
26.Ra1b1 Ba6b5
27.h3 Nb8a6
28.Qd8h4 Qb7f7
29.g4 g6
30.Kf2 Na6c7
31.gxf5  { time }
1-0

[Event "Tourn. n8537"]
[Site "www.chess-mail.com"]
[Date "2016.02.15"]
[Round "1"]
[White "Xkafi"]
[Black "Goosebumps"]
[WhiteElo "2010"]
[BlackElo "2150"]
[Result "1-0"]
[Round "1"]
1.e4 e5
2.Bf1c4 Nb8c6
3.c3 Ng8f6
4.d3 Bf8c5
5.h3 d5
6.exd5 Nf6xd5
7.Qd1f3 Bc8e6
8.Nb1d2 O-O
9.Nd2e4 Bc5b6
10.Bc1g5 Qd8d7
11.Qf3g3 Kh8
12.Ng1f3 h6
13.Qg3h4 f5
14.Ne4g3 Kg8
15.Bg5d2 Nd5f6
16.Ng3xf5 Be6xc4
17.Qh4xc4 Kh7
18.g4 Ra8d8
19.d4 exd4
20.cxd4  { time }
1-0

[Event "Tourn. n8615"]
[Site "www.chess-mail.com"]
[Date "2016.02.15"]
[Round "1"]
[White "Maredocla"]
[Black "Cardiff"]
[WhiteElo "2040"]
[BlackElo "2040"]
[Result "1-0"]
[Round "1"]
1.g3 c5
2.Bf1g2 Nb8c6
3.Bg2xc6 bxc6
4.c4 d6
5.d3 Ng8f6
6.Bc1g5 Qd8b6
7.Qd1c2  { time }
1-0

[Event "Tourn. n8624"]
[Site "www.chess-mail.com"]
[Date "2016.02.15"]
[Round "1"]
[White "Gatrooper"]
[Black "Paul30"]
[WhiteElo "1630"]
[BlackElo "1499"]
[Result "0-1"]
[Round "1"]
1.e4 e6
2.d4 d5
3.e5 c5
4.c3 Nb8c6
5.Ng1f3 Qd8b6
6.Bc1e3 Qb6xb2
7.Nb1d2 Qb2xc3
8.Bf1e2 cxd4
9.Ra1c1 Qc3a5
10.O-O dxe3
11.fxe3 Qa5c7
12.Be2b5 Bc8d7
13.Nf3g5 f6
14.exf6 Ng8xf6
15.Bb5xc6 Bd7xc6
16.Ng5xe6 Qc7b6
17.Rc1b1 Qb6xe3
18.Kh1 Qe3xe6
19.Rf1e1 Nf6e4
20.Nd2xe4 dxe4
21.Qd1d4 a6
22.Rb1b2 Ra8d8
23.Qd4e3 Bf8e7
24.Rb2e2 O-O
25.Re2f2 Rf8xf2
26.Qe3xf2 Rd8f8
27.Qf2g3 Qe6xa2
28.Qg3c7 Qa2f2
29.Re1g1 Be7c5
30.Rg1c1 Qf2f1
31.Rc1xf1 Rf8xf1
{ resign }
0-1

[Event "Tourn. n8573"]
[Site "www.chess-mail.com"]
[Date "2016.02.15"]
[Round "1"]
[White "Genius7"]
[Black "Libiesse"]
[WhiteElo "2140"]
[BlackElo "2000"]
[Result "0-1"]
[Round "1"]
1.d4 d5
2.Bc1f4 e6
3.e3 Ng8f6
4.Ng1f3 Nb8d7
5.Bf1d3 c5
6.c3 cxd4
7.exd4 Nf6h5
8.Bf4e3 Qd8c7
9.Nb1d2 Nh5f6
10.O-O Bf8d6
11.h3 b6
12.Qd1e2 Bc8b7
13.Ra1c1 O-O
14.Bd3a6 Ra8b8
15.Ba6xb7 Rb8xb7
16.Nd2b3 Rf8e8
 { time }
0-1

[Event "Tourn. n8571"]
[Site "www.chess-mail.com"]
[Date "2016.02.15"]
[Round "1"]
[White "Julian"]
[Black "Bojan"]
[WhiteElo "1990"]
[BlackElo "2060"]
[Result "0-1"]
[Round "1"]
1.e4 e5
2.Ng1f3 d6
3.d4 exd4
4.Nf3xd4 h6
5.Bf1c4 Bc8d7
6.Nb1c3 a6
7.O-O Ng8f6
8.f3 Nb8c6
9.Bc1e3 Nc6e5
10.Bc4b3 c5
11.Nd4f5 Bd7c6
12.Nc3d5 g6
13.Nf5g3 Bc6b5
14.Rf1f2 Ne5c6
15.Rf2d2 c4
16.a4 Nf6xd5
17.exd5 cxb3
18.axb5 bxc2
19.Qd1xc2 Nc6e7
20.bxa6 bxa6
21.Ng3e4 Bf8g7
22.Ra1a4 O-O
23.Be3f4 Ne7f5
24.g4 Nf5d4
25.Rd2xd4 Qd8b6
26.Kg2 Bg7xd4
27.Bf4xd6 Rf8c8
28.Ra4c4 Qb6xb2
29.Rc4xc8 Ra8xc8
30.Qc2xb2 Bd4xb2
31.Bd6f4 g5
32.Bf4g3 Rc8d8
33.d6 Bb2d4
34.Bg3e1 Bd4e5
35.Be1b4 f6
36.h4 Kf7
37.hxg5 fxg5
38.Kf2 Ke8
39.Ke2 Rd8b8
40.Bb4a5 Rb8b5
41.Ba5c7 a5
42.Kd3 Kd7
43.Kc4 Kc6
44.Ne4d2 Rb5b4
45.Kd3 a4
46.Nd2c4 Rb4xc4
47.Kxc4 Be5xd6
48.Bc7a5 a3
49.Kb3 Kd5
50.Ba5d2 Kd4
51.Bd2c1 Kd3
{ resign }
0-1

[Event "Tourn. n8593"]
[Site "www.chess-mail.com"]
[Date "2016.02.15"]
[Round "1"]
[White "Elogic"]
[Black "Cardiff"]
[WhiteElo "2059"]
[BlackElo "2070"]
[Result "1-0"]
[Round "1"]
1.d4 d5
2.Ng1f3 g6
3.Bc1f4 Bf8g7
4.g3 Ng8f6
5.e3 O-O
6.Bf1d3 Nb8d7
7.Nf3e5 Nf6e4
8.Bd3xe4  { time }
1-0